000 00816aam a2200301 4500
005 20260224162358.0
008 150615b2011 xxu||||| |||| 00| 0 spa d
020 _a9786070906428
041 _aESP
082 _a364 M317c2
100 _aMarchiori, Hilda
_95011
245 _aCriminología: teorías y pensamientos
250 _a2 edición
260 _aMéxico
260 _bEditorial Porrúa
260 _c2011
300 _a261 páginas
490 _aInvestigación Criminal
650 _aCRIMINOLOGÍA
650 _aTEORÍAS CRIMINOLÓGICAS
650 _aCRIMINOLOGÍA INTERACCIONISTA
650 _aCRIMINOLOGÍA ORGANIZACIONAL
650 _aPSICOANÁLISIS CRIMINAL
650 _aANTROPOLOGÍA CRIMINAL
650 _aVICTIMOLOGÍA
650 _aPREVENCIÓN DEL DELITO
942 _cBK
_2ddc
999 _c2863
_d2863